| 000 | 00000nas 2200000za 4500 |
| 001 | 9.814407 |
| 003 | CaOODSP |
| 005 | 20221107141756 |
| 007 | cr ||||||||||| |
| 008 | 160405d19641975oncar p oss f000#b0fre|d |
| 022 | |y0575-917X |
| 040 | |aCaOODSP|bfre |
| 041 | |aeng|afre |
| 043 | |an-cn--- |
| 086 | 1 |aCS85-209-PDF |
| 245 | 00|aMurder statistics |h[ressource électronique] / |cDominion Bureau of Statistics, Health and Welfare Division, Judicial Section = La statistique de l'homicide / Bureau fédéral de la statistique, Division de la santʹe et du bien-être, Section de la statistique judiciaire. |
| 246 | 11|aStatistique de l'homicide |
| 260 | |aOttawa : |bDominion Bureau of Statistics = Bureau fédéral de la statistique, |c1966-1976. |
| 310 | |aAnnuel |
| 362 | 0 |a1961/1964-1975. |
| 500 | |aÉdition numérisée de l’imprimé [par Statistique Canada]. |
| 546 | |aTexte en anglais et en français. |
| 550 | |aPublié 1969-1970 par la Division de la statistique judiciaire;1971-1975, par Statistique Canada, Division de la statistique judiciaire. |
| 692 | 07|2gccst|aHomicide |
| 710 | 1 |aCanada.|bBureau fédéral de la statistique.|bDivision de la statistique judiciaire. |
| 710 | 1 |aCanada.|bBureau fédéral de la statistique.|bSection de la statistique judiciaire. |
| 710 | 2 |aStatistique Canada.|bDivision de la statistique judiciaire. |
| 785 | 00|tHomicide statistics |w(CaOODSP)9.814453 |
| 791 | |tMurder statistics |eeng|w(CaOODSP)9.814400 |